|
|
|
|
| LEADER |
00000nfm a2200000 4500 |
| 001 |
vtls012018830 |
| 003 |
SK-MaSNL |
| 005 |
20260425231204.0 |
| 008 |
210318t1822 gw r 001 0 lat |
| 015 |
|
|
|a SNBHFA1822
|
| 040 |
|
|
|a SNKHF
|b slo
|c SNK
|e rda
|
| 041 |
|
|
|a lat
|a gre
|
| 044 |
|
|
|a gw
|c DE
|
| 072 |
|
7 |
|a 101
|x Filozofia
|2 konspekt
|
| 080 |
|
|
|a 101
|2 2011
|
| 100 |
1 |
|
|a Hippokrates,
|d 460 pred Kr.-asi 380 pred Kr.
|4 aut
|9 177188
|
| 245 |
1 |
0 |
|a Hippocratis Aphorismi
|b Ad Optimorum Librorum Fidem Accurate Editi. Cum Indice Verhoofdiano Locupletissimo
|
| 246 |
3 |
0 |
|a Aphorismi
|b Ad Optimorum Librorum Fidem Accurate Editi. Cum Indice Verhoofdiano Locupletissimo
|
| 264 |
|
3 |
|a Berolini
|b Sumtibus Theod. Chr. Frider. Enslin.
|c MDCCCXXII (1822)
|
| 264 |
|
1 |
|a Parisiis Et Londini
|b Apud Treuttel Et Würtz
|c MDCCCXXII (1822)
|
| 300 |
|
|
|a iv, 179 strán
|c 14 cm
|
| 336 |
|
|
|a text
|b txt
|2 rdacontent
|
| 337 |
|
|
|a bez média
|b n
|2 rdamedia
|
| 338 |
|
|
|a zväzok
|b nc
|2 rdacarier
|
| 500 |
|
|
|a Ozdobné linky, kustody
|
| 504 |
|
|
|a Register
|
| 546 |
|
|
|a Tlač na protiľahlých stranách striedavo v latinskom a gréckom jazyku
|
| 563 |
|
|
|a Väzba pôvodná kožená.
|5 SNK IE 10705
|
| 650 |
0 |
7 |
|a filozofia
|2 SNKPH
|9 793
|
| 700 |
1 |
|
|a Verhoofd, Lucas
|4 cwt
|9 442312
|
| 700 |
1 |
|
|a Enslin, Theodor Christian Friedrich,
|d 1787-1851
|4 prt
|9 419208
|
| 700 |
0 |
|
|a Treuttel Et Würtz
|4 pbl
|9 442313
|
| 710 |
0 |
|
|a Enslin, Theodor Christian Friedrich (Berlín, Nemecko)
|4 prt
|9 442314
|
| 752 |
|
|
|a Nemecko
|d Berlín
|
| 852 |
|
|
|a snk
|b Aponiovská knižnica
|p IE 10705
|
| 958 |
|
|
|a DF
|
| 958 |
|
|
|a ONDV
|
| 999 |
|
|
|c 697258
|d 699188
|
| 952 |
|
|
|t Op. II/40
|a SNK
|b SNK
|c SNK_HF
|y PREZ
|7 0
|p 17A1395544
|o snkIE 10705
|i snk2021/1888
|8 5
|0 0
|1 0
|4 0
|d 2021-03-18
|l 0
|r 2026-02-23 20:46:10
|w 2026-02-23
|